Регионална библиотека "Любен Каравелов" - Русе

Иван Вазов (Запис номер 400749)

MARC детайли
000 -Лидер
Контролно поле с фиксирана дължина 01423nam a2200385 a 4500
003 - Код на организацията, давaща контролен номер
Контролно поле BLK
005 - Дата и час на последна редакция
Контролно поле 20230920154325.0
008 - Елементи от данни с фиксирана дължина
fixed length control field 210312b bu |||||r|||| 00| u bu d
040 ## - Източник на каталожния запис
Идентификатор на билиотеката - собственик на записа BLK
041 ## - Код за език
Код за езика на текст/звукозапис или на отделно заглавие Български
Код за езика КДБФ Български
072 ## - Код за тематичната категория
9 (RLIN) 178296
Код за тематична категория РА
Текст Русенски автори
080 ## - УДК
Текстов определител УДК Българска литература
УДК код - определител по УДК 821.163.2
УДК определител -9
УДК - код + определител 821.163.2-9
080 ## - УДК
Текстов определител УДК Български поет и писател
УДК код - определител по УДК 929 Вазов, Иван Минчов
УДК - код + определител 929 Вазов, Иван Минчов
100 ## - Редна дума - Автор
Автор Дашков, Тодор Христов
Дати, свързани с автора 1890-1965
R(LIN) 382461
139 ## - Редно поле
Редна дума Дашков, Тодор Христов
Авторски знак Вазов, Ив. - В 15
245 10 - Сведения за заглавието
Заглавие Иван Вазов
Подзаглавни данни Сатирик-комик-хуморист
Редно поле (дума) Тодор Дашков; съст. Валентина Минкова
257 ## - Страна на издаване
Страна на създаване/издаване България
260 ## - Област на издателските данни
Място на издаване, разпространение и проч. Сопот
Име на издателя, разпространителя и проч. Къща-музей "Иван Вазов"
Година на издаване 2020
9 (RLIN) 443105
300 ## - Физическа характеристика
Страници 152 с.
Илюстрации и др. с ил.
Размери/Мащаб 21 см
380 ## - Жанр
Жанр Худож. лит.
600 #0 - Име на лице, използвано като предмет
9 (RLIN) 363396
За него / За нея Вазов, Иван Минчов
650 #7 - Допълнително описание по предмет – тема
9 (RLIN) 148657
Основно описание – тема или топоним Биографии
700 ## - Други автори (авторска отговорност)
9 (RLIN) 1478
Лично име Минкова, Валентина
Автороска отговорност (Описва отношението между автора и произведението) състав.
852 ## - Местоположение
Фондова буква Основен фонд - ползва се само за читалня
852 ## - Местоположение
Фондова буква Краезнание
Систематично-азбучна сигнатура 821.163.2-9/В 15
856 4# - Електронен адрес и достъп
Електронен формат pdf - файл
Инструкция (цена за достъп) 0.00
Права за достъп disable
856 4# - Електронен адрес и достъп
Електронен формат pdf - файл
Инструкция (цена за достъп) 0.00
Права за достъп disable
999 ## - СИСТЕМНИ КОНТРОЛНИ НОМЕРА
Koha biblionumber 400749
Koha biblioitemnumber 400749
942 ## - АРТИКУЛИ
Вид на библиотечния материал Книги
Скрит в OPAC Не
Периодичен библиозапис Да
Koha issues (borrowed), all copies 1
944 ## - СЪЗДАВАНЕ И РЕДАКЦИЯ на ЗАПИСА
Създаване/Редакция Създаване
Дата на регистрацията/редакция 2021-03-12
Служител, извършил регистрацията/редакцията 30563
Статус, дата на статуса Ивелин Русев
999 ## - СИСТЕМНИ КОНТРОЛНИ НОМЕРА
Koha biblioitemnumber 400749
999 ## - СИСТЕМНИ КОНТРОЛНИ НОМЕРА
Koha biblioitemnumber 400749
999 ## - СИСТЕМНИ КОНТРОЛНИ НОМЕРА
Koha biblioitemnumber 400749
999 ## - СИСТЕМНИ КОНТРОЛНИ НОМЕРА
Koha biblioitemnumber 400749
999 ## - СИСТЕМНИ КОНТРОЛНИ НОМЕРА
Koha biblioitemnumber 400749
Наличности
Код за отписване Код за изгубен артикул Източник на класификационната схема Код за повреда Коз за рестрикции Код за отдаване Артикулен № Име на библиотеката - собственик Име на библиотеката, в която се намира в момента Статус (Текущо местоположение) Дата на вписване в системата Местоположение - отдел Цена в лева Систематично азбучна сигнатура Баркод Цена в евро Служебен тип на артикула
  Не е изгубен Universal Decimal Classification Не е повреден само за читалня ползва се в читалня 815999 Регионална библиотека "Любен Каравелов" Русе Регионална библиотека "Любен Каравелов" Русе Краезнание 2021-03-13 Краезнание 12.00 К 821.163.2 (092)/В 15 120000853290 6.14 Книги
  Не е изгубен Universal Decimal Classification Не е повреден само за читалня ползва се в читалня 816128 Регионална библиотека "Любен Каравелов" Русе Регионална библиотека "Любен Каравелов" Русе Хранилище 2021-03-15 Основен фонд - ползва се само за читалня 12.00 Цб 307185 120000853337 6.14 Книги
Vip Innovations Ltd, Rousse, Bulgaria 2025